• 首页
  • 本馆介绍
  • 公告通知
  • 最新文献
  • 馆藏检索
  • 电子资源
  • 读者导购
  • 参考咨询
  • 我的图书馆
  • 登录
  • 详细信息显示
  • 放入我的书架
  • 预约/预借图书
  • 作者相关作品
  • 分类相关作品
  • 丛书相关作品
  • 出版社相关作品

书目信息

  • 表格格式
  • 工作单格式
  • 卡片格式
题名:
春潮·第五纵队·西班牙大地·海明威诗集
    
 
作者: 海明威 著 ;张鹏飞 译
分册:  
出版信息: 成都   四川大学出版社  2020.01
页数: 385页
开本: 21cm
丛书名:
单 册:
中图分类: I712.15
科图分类:
主题词: 文学--作品集--美国--现代
电子资源:
ISBN: 978-7-5690-2450-0
000 01521nam0 2200253 450
001 0102100435
005 20210402100823.0
010    @a978-7-5690-2450-0@dCNY59.80
100    @a20200521d2020 em y0chiy50 ea
101 1  @achi@ceng
102    @aCN@b510000
105    @ay z 000zy
106    @ar
200 1  @a春潮·第五纵队·西班牙大地·海明威诗集@Achun chao · di wu zong dui · xi ban ya da di · hai ming wei shi ji@dThe torrents of spring·the fifth column the spanish earth·Ernest hemingway poems@f(美)海明威著@g张鹏飞译@zeng
210    @a成都@c四川大学出版社@d2020.01
215    @a385页@d21cm
330    @a本书收录了《春潮》《第五纵队》《西班牙大地》三部作品。《春潮》是海明威的戏仿之作,兼有浪漫主义和自然主义的风格,属于另类作品,从叙事学角度看大有研究的价值,是世界文学界一部非常值得研究的小说。《第五纵队》以马德里保卫战为背景,主人公美国记者帮助西班牙政府军做肃反工作,潜入敌方侦察哨,捉拿间谍归案。他的女友是个有点玩世不恭的美国大学生,到西班牙来报道战况。剧中还有德国反法西期斗士、西班牙政府保卫局的领导及一个黑种妓女等登场,在佛罗里达旅馆内上演一幕幕活生生的戏剧。《西班牙大地》为荷兰导演伊文斯和海明威合资实地拍摄的记录片,由海明威撰写说明词。
510 1  @aTorrents of spring·the fifth column the spanish earth·Ernest hemingway poems@zeng
606 0  @a文学@x作品集@y美国@z现代
690    @aI712.15@v5
701  0 @c(美)@a海明威@Ahai ming wei@c(Hemingway, Ernest@f1899-1961)@4著
702  0 @a张鹏飞@Azhang peng fei@4译
801  0 @aCN@bBJSZM@c20210402
905    @b1278141-5@dI712.15@e1360@f5
    
    春潮·第五纵队·西班牙大地·海明威诗集=The torrents of spring·the fifth column the spanish earth·Ernest hemingway poems/(美)海明威著/张鹏飞译.-成都:四川大学出版社,2020.01
    385页;21cm
    
    
    ISBN 978-7-5690-2450-0:CNY59.80
    本书收录了《春潮》《第五纵队》《西班牙大地》三部作品。《春潮》是海明威的戏仿之作,兼有浪漫主义和自然主义的风格,属于另类作品,从叙事学角度看大有研究的价值,是世界文学界一部非常值得研究的小说。《第五纵队》以马德里保卫战为背景,主人公美国记者帮助西班牙政府军做肃反工作,潜入敌方侦察哨,捉拿间谍归案。他的女友是个有点玩世不恭的美国大学生,到西班牙来报道战况。剧中还有德国反法西期斗士、西班牙政府保卫局的领导及一个黑种妓女等登场,在佛罗里达旅馆内上演一幕幕活生生的戏剧。《西班牙大地》为荷兰导演伊文斯和海明威合资实地拍摄的记录片,由海明威撰写说明词。
●
相关链接 在E读中查询图书 在五车中查询图书 在当当中查询图书 在豆瓣中查询图书


正题名:春潮·第五纵队·西班牙大地·海明威诗集     索取号:I712.15/1360         预约/预借

序号 登录号 条形码 馆藏地/架位号 状态 备注
1 1278141   212781417   教育系资料室/ [索取号:I712.15/1360] 在馆    
2 1278142   212781426   教育系资料室/ [索取号:I712.15/1360] 在馆    
3 1278143   212781435   教育系资料室/ [索取号:I712.15/1360] 在馆    
4 1278144   212781444   第二借阅区/ [索取号:I712.15/1360] 在馆    
5 1278145   212781453   第二借阅区/ [索取号:I712.15/1360] 在馆    
6 1288233   212882335   第一样本阅览室/ [索取号:I712.15/1360] 在馆    
7 1288234   212882344   第二借阅区/ [索取号:I712.15/1360] 在馆    
8 1288235   212882353   第二借阅区/ [索取号:I712.15/1360] 在馆    
9 1288236   212882362   第二借阅区/ [索取号:I712.15/1360] 在馆    
唐山师范学院图书馆 欢迎您!
大连网信软件有限公司© 版权所有